logo

Bir Sreshtho Munshi Abdur Rouf Library
Jhenaidah Cadet College

সেক্টর কমান্ডাররা বলছেন মুক্তিযুদ্ধের স্মরণীয় ঘটনা / (Record no. 7055)

MARC details
000 -LEADER
fixed length control field 00860nam a22002417a 4500
001 - CONTROL NUMBER
JCCL Control Number 7055
003 - CONTROL NUMBER IDENTIFIER
JCCL marc code BD-JhCC
005 - DATE AND TIME OF LATEST TRANSACTION
control field 20180211135859.0
008 - FIXED-LENGTH DATA ELEMENTS--GENERAL INFORMATION
fixed length control field 180204b1992 bg b|||| ||a| 000 0 ben d
020 ## - INTERNATIONAL STANDARD BOOK NUMBER
International Standard Book Number 984410002X
035 ## - SYSTEM CONTROL NUMBER
system control number (BD-JhCC)7055
040 ## - CATALOGING SOURCE
Original cataloging agency BD-JhCC
Modifying agency BD-JhCC
041 ## - LANGUAGE CODE
Language code of Book ben
082 ## - DEWEY DECIMAL CLASSIFICATION NUMBER
Classification number 954.905
Author mark and Year SEC 1992
100 ## - MAIN ENTRY--PERSONAL NAME
Personal name কবির, শাহরিয়ার
245 ## - TITLE STATEMENT
Title সেক্টর কমান্ডাররা বলছেন মুক্তিযুদ্ধের স্মরণীয় ঘটনা /
Statement of responsibility, etc শাহরিয়ার কবির (সম্পা)
260 ## - PUBLICATION, DISTRIBUTION, ETC. (IMPRINT)
Place of publication, distribution, etc ঢাকা :
Name of publisher, distributor, etc মাওলা ব্রাদার্স,
Date of publication, distribution, etc 1992.
300 ## - PHYSICAL DESCRIPTION
Pagination 122 p. :
Dimensions 22 cm.
650 ## - SUBJECT ADDED ENTRY--TOPICAL TERM
Topical term or geographic name as entry element Liberation
Geographic subdivision Bangladesh
700 ## - ADDED ENTRY--PERSONAL NAME
Personal name কবির, শাহরিয়ার
942 ## - ADDED ENTRY ELEMENTS (KOHA)
Source of classification or shelving scheme Dewey Decimal Classification
Koha item type Books
Holdings
Source of classification or shelving scheme Damaged status Not for loan Home library Current library Shelving location Date of accession Cost, normal purchase price Total Checkouts Full call number Barcode Date last seen Copy number Koha item type
Dewey Decimal Classification     JCC Rouf Library JCC Rouf Library General Stacks 02/04/2018 80.00   954.905 SEC 1992 9589 02/04/2018 C-1 Books

JCC Library | Contacts | JCC Home

Last Update on 23 September 2017
Copyright @ 2017-2020 JCC Rouf Library
Rouf Library, Jhenidah Cadet College (JCC), Bangladesh